书目信息 |
| 题名: |
电力电子器件与变流技术问答
|
|
| 作者: | 陈哲 编 | |
| 分册: | ||
| 出版信息: | 沈阳 东北大学出版社 2009.11 |
|
| 页数: | 12, 143页 | |
| 开本: | 21cm | |
| 丛书名: | ||
| 单 册: | ||
| 中图分类: | TN303 , TM46 | |
| 科图分类: | ||
| 主题词: | 电力系统--dian li xi tong--电子器件--基本知识 , 电力系统--dian li xi tong--变流--基本知识 | |
| 电子资源: | ||
| ISBN: | 978-7-81102-543-9 | |
| 000 | 00954nam0 2200265 450 | |
| 001 | 012010379759 | |
| 005 | 20100524163308.95 | |
| 010 | @a978-7-81102-543-9@dCNY15.00 | |
| 100 | @a20100524d2009 em y0chiy0120 ea | |
| 101 | 0 | @achi |
| 102 | @aCN@b210000 | |
| 105 | @aak a 000yy | |
| 106 | @ar | |
| 200 | 1 | @a电力电子器件与变流技术问答@Adian li dian zi qi jian yu bian liu ji shu wen da@f陈哲编@Fchen zhe bian |
| 210 | @a沈阳@c东北大学出版社@d2009.11 | |
| 215 | @a12, 143页@c图@d21cm | |
| 320 | @a有书目 (第143页) | |
| 330 | @a本书主要内容包括:电力电子器件基础、二极管与晶闸管、全控型器件、电力电子器件的驱动、半导体变流技术基础、可控整流电路、直流斩波电路等,共列出228个问题。 | |
| 606 | 0 | @a电力系统@Adian li xi tong@x电子器件@x基本知识 |
| 606 | 0 | @a电力系统@Adian li xi tong@x变流@x基本知识 |
| 690 | @aTN303@v4 | |
| 690 | @aTM46@v4 | |
| 701 | 0 | @a陈哲@Achen zhe@4编 |
| 801 | 0 | @aCN@bQSSK@c20100524 |
| 905 | @b779586-88@dTN303@eC661@f3 | |
| 电力电子器件与变流技术问答/陈哲编.-沈阳:东北大学出版社,2009.11 |
| 12, 143页:图;21cm |
| ISBN 978-7-81102-543-9:CNY15.00 |
| 本书主要内容包括:电力电子器件基础、二极管与晶闸管、全控型器件、电力电子器件的驱动、半导体变流技术基础、可控整流电路、直流斩波电路等,共列出228个问题。 |
| ● |
| 相关链接 |
|
|
|
正题名:电力电子器件与变流技术问答
索取号:TN303/C661
 
预约/预借
| 序号 | 登录号 | 条形码 | 馆藏地/架位号 | 状态 | 备注 |
| 1 | 779586 | 207795867 | 自科库301/301自科库 19排1列5层/ [索取号:TN303/C661] | 在馆 | |
| 2 | 779587 | 207795876 | 自科库301/301自科库 25排4列3层/ [索取号:TN303/C661] | 在馆 | |
| 3 | 779588 | 207795885 | 自科库301/301自科库 25排4列3层/ [索取号:TN303/C661] | 在馆 |